Transistor circuit design (Record no. 9912)

000 -LEADER
fixed length control field 00412 a2200157 4500
020 ## - INTERNATIONAL STANDARD BOOK NUMBER
International Standard Book Number 007Y857989
090 ## - LOCALLY ASSIGNED LC-TYPE CALL NUMBER (OCLC); LOCAL CALL NUMBER (RLIN)
-- 6077
-- 6077
100 ## - MAIN ENTRY--PERSONAL NAME
Personal name Walston, Joseph A.
245 10 - TITLE STATEMENT
Title Transistor circuit design
260 0# - PUBLICATION, DISTRIBUTION, ETC.
Place of publication, distribution, etc. New York
Name of publisher, distributor, etc. , McGraw-Hill
Date of publication, distribution, etc. [c1963]
300 ## - PHYSICAL DESCRIPTION
Extent 523 p
Other physical details . illus
Dimensions . 26 cm.
650 #0 - SUBJECT ADDED ENTRY--TOPICAL TERM
Topical term or geographic name entry element Transistor circuits.
700 10 - ADDED ENTRY--PERSONAL NAME
Personal name Walston, Joseph A.
700 10 - ADDED ENTRY--PERSONAL NAME
Personal name Miller, John R.
942 ## - ADDED ENTRY ELEMENTS (KOHA)
Koha item type Book
Call number prefix 621.38153 WAL
Holdings
Withdrawn status Lost status Damaged status Not for loan Permanent Location Current Location Total Checkouts Full call number Barcode Date last seen Price effective from Koha item type
        Central Library (CL) Central Library (CL)   621.38153 WAL SEECSD00310 11/14/2012 11/14/2012 Book
© 2023 Central Library, National University of Sciences and Technology. All Rights Reserved.